000 00551nam a2200217Ia 4500
003 LK-CoDNM
005 20240311104247.0
008 010623t1934 xxu||||| |||| 00| 1 sin d
040 _aLK-CoDNM
_dLK-CoDNM
_eLK-CoDNM
041 _asin
080 _a104 BB5
100 _aKarunarathna,W.A
245 _a1934-5 පෙරදිග මිතුරා
246 _aPeradiga mithura
260 _bPhilics press
_aColombo
_c1934
300 _bDamaged
_a20p.,21 cm
650 _aCustems
650 _aLoan
650 _aMarriage system
942 _cBK
999 _c97322
_d97322